000 00249nam a2200097Ia 4500
008 190216s9999||||xx |||||||||||||| ||und||
100 _aSharma .v.s
245 0 _aMalayalam-Thullal Sahithya Charithram
260 _bKerala Bhasha Institute
942 _cBK
999 _c25439
_d25439